Przeliteruj najdłuższą nazwę miejscowości na świecie - Statystyki

Ogólne statystyki
  • Ten quiz został rozwiązany 5 razy
  • Średni wynik to 17 z 58
Statystyki odpowiedzi
Nr. litery Odpowiedź % Poprawnych
3 A
100%
5 F
100%
1 L
100%
2 L
100%
4 N
100%
6 A
67%
7 I
67%
11 L
67%
12 L
67%
9 P
67%
8 R
67%
10 W
67%
42 A
33%
57 C
33%
13 G
33%
51 G
33%
53 G
33%
55 G
33%
58 H
33%
47 I
33%
49 I
33%
48 L
33%
16 N
33%
43 N
33%
50 O
33%
52 O
33%
54 O
33%
56 O
33%
46 S
33%
44 T
33%
14 W
33%
15 Y
33%
45 Y
33%
36 B
0%
27 C
0%
33 D
0%
24 E
0%
17 G
0%
21 G
0%
23 G
0%
28 H
0%
19 L
0%
20 L
0%
38 L
0%
39 L
0%
40 L
0%
41 L
0%
32 N
0%
22 O
0%
35 O
0%
25 R
0%
31 R
0%
34 R
0%
29 W
0%
37 W
0%
18 Y
0%
26 Y
0%
30 Y
0%
Nie znaleziono quizów pasujących do podanych kryteriów
Rozkład punktacji
Procent ludzi z każdym wynikiem
Percentyl według liczby udzielonych odpowiedzi
Twoja historia wyników
Nie rozwiązałeś tego quizu